[Event "WJCC U20 Girls 2019"]
[Site "New Delhi"]
[Date "2019.10.19"]
[Round "6.13"]
[White "Vantika Agrawal"]
[Black "Katkov, Michelle"]
[Result "1-0"]
[WhiteElo "2283"]
[BlackElo "2106"]
[Annotator "NA"]
[PlyCount "99"]
[EventDate "2019.10.15"]
[EventType "swiss"]
[EventCountry "IND"]
[SourceTitle "playchess.com"]
[Source "ChessBase"]
[SourceQuality "1"]
[TimeControl "40/5400+30:1800+30"]

1. Nf3 {[%emt 0:00:00]} Nf6 {[%emt 0:00:00]} 2. g3 {[%emt 0:00:00]} d5 {[%emt 0:00:22]} 3. Bg2 {[%emt 0:00:22]} Bg4 {[%emt 0:01:25]} 4. c4 {[%emt 0:01:05]} c6 {[%emt 0:00:41]} 5. Ne5 {[%emt 0:04:31]} Bf5 {[%emt 0:07:23]} 6. cxd5 $11 {[%emt 0:13:24]} cxd5 {[%emt 0:02:26]} 7. Qa4+ {[%emt 0:01:57]} Bd7 {[%emt 0:10:05]} 8. Nxd7 {[%emt 0:15:06]} Qxd7 {[%emt 0:02:58]} 9. Qxd7+ Kxd7 {[%emt 0:04:11]} 10. Nc3 {[%emt 0:06:14]} e6 {[%emt 0:01:27]} 11. d3 {[%emt 0:00:58]} Nc6 {[%emt 0:04:05]} 12. O-O {[%emt 0:00:31]} Bb4 {[%emt 0:12:47]} 13. a3 {[%emt 0:02:52]} Bd6 {[%emt 0:05:17]} 14. e4 {[%emt 0:04:54]} Ne7 {[%emt 0:05:20]} 15. Be3 {[%emt 0:14:43]} Rhc8 {[%emt 0:04:16]} 16. h3 {[%emt 0:01:40]} Bc5 {[%emt 0:04:53]} 17. Bd2 {[%emt 0:09:00]} Ke8 {[%emt 0:02:57]} 18. Rac1 {[%emt 0:02:35]} Bb6 {[%emt 0:03:49]} 19. Rfe1 {[%emt 0:05:11]} Rd8 {[%emt 0:03:31]} 20. e5 {[%emt 0:05:56]} Nd7 {[%emt 0:00:08]} 21. Nb5 {[%emt 0:00:16]} Kf8 {[%emt 0:00:50]} 22. Bb4 {[%emt 0:03:44]} Rac8 {[%emt 0:01:20]} 23. d4 {[%emt 0:03:22]} Rxc1 {[%emt 0:01:53]} 24. Rxc1 {[%emt 0:00:04]} a6 {[%emt 0:00:31]} 25. Nd6 {[%emt 0:00:29]} a5 {[%emt 0:03:20]} 26. Bc3 {[%emt 0:00:52]} Rb8 {[%emt 0:00:54]} 27. Bf1 {[%emt 0:02:21]} Nc6 {[%emt 0:01:27]} 28. Nb5 {[%emt 0:01:19]} Ke7 {[%emt 0:01:55]} 29. Kg2 {[%emt 0:00:23]} Nf8 {[%emt 0:03:07]} 30. Bd3 {[%emt 0:00:15]} Kd7 {[%emt 0:00:38]} 31. f4 {[%emt 0:00:17]} h5 {[%emt 0:02:35]} 32. g4 {[%emt 0:00:29]} hxg4 {[%emt 0:00:16]} 33. hxg4 {[%emt 0:00:05]} Ng6 {[%emt 0:01:43]} 34. Rf1 {[%emt 0:00:42]} Ke7 {[%emt 0:03:45]} 35. f5 {[%emt 0:00:18]} Nf8 {[%emt 0:00:31]} 36. Rh1 {[%emt 0:01:29]} exf5 {[%emt 0:01:18]} 37. gxf5 {[%emt 0:00:13]} g6 {[%emt 0:00:16]} 38. f6+ {[%emt 0:00:31]} Kd7 {[%emt 0:00:33]} 39. Be2 {[%emt 0:00:30]} Ne6 {[%emt 0:01:27]} 40. Bg4 {[%emt 0:00:18]} Rf8 {[%emt 0:02:12]} 41. Rh7 {[%emt 0:11:43]} Ncd8 {[%emt 0:04:21]} 42. a4 {[%emt 0:02:07]} Kc6 {[%emt 0:03:21]} 43. b3 {[%emt 0:04:01]} Ng5 {[%emt 0:02:02]} 44. Rh1 {[%emt 0:01:08]} Nde6 {[%emt 0:02:43]} 45. Bd2 {[%emt 0:02:39]} Ne4 {[%emt 0:01:22]} 46. Bxe6 {[%emt 0:02:19]} fxe6 {[%emt 0:01:29]} 47. Bh6 {[%emt 0:00:47]} Rf7 {[%emt 0:01:41]} 48. Bg7 {[%emt 0:00:43]} Kd7 {[%emt 0:01:14]} 49. Rh6 {[%emt 0:00:45]} g5 {[%emt 0:00:07]} 50. Kf3 {[%emt 0:00:45]} 1-0

[Event "WJCC U20 Girls 2019"]
[Site "New Delhi"]
[Date "2019.10.19"]
[Round "6.14"]
[White "Sapale Saloni"]
[Black "Yakubbaeva, Nilufar"]
[Result "1-0"]
[WhiteElo "2142"]
[BlackElo "2281"]
[Annotator "NA"]
[PlyCount "67"]
[EventDate "2019.10.15"]
[EventType "swiss"]
[EventCountry "IND"]
[SourceTitle "playchess.com"]
[Source "ChessBase"]
[SourceQuality "1"]
[TimeControl "40/5400+30:1800+30"]

1. e4 {[%emt 0:00:00]} c6 {[%emt 0:00:00]} 2. d4 {[%emt 0:00:00]} d5 {[%emt 0:00:00]} 3. e5 {[%emt 0:00:00]} Bf5 {[%emt 0:00:06]} 4. Nf3 {[%emt 0:00:02]} e6 {[%emt 0:00:09]} 5. Be2 {[%emt 0:00:13]} c5 {[%emt 0:00:06]} 6. O-O {[%emt 0:00:18]} Nd7 {[%emt 0:01:16]} 7. c3 {[%emt 0:01:22]} Ne7 {[%emt 0:05:29]} 8. dxc5 {[%emt 0:03:03]} Nc6 {[%emt 0:01:54]} 9. Nd4 $14 {[%emt 0:16:37]} Ndxe5 {[%emt 0:08:37]} 10. Nxf5 {[%emt 0:00:47]} exf5 {[%emt 0:00:06]} 11. b4 {[%emt 0:01:10]} Be7 {[%emt 0:02:00]} 12. f4 {[%emt 0:03:43]} Ng6 {[%emt 0:01:52]} 13. Be3 {[%emt 0:05:11]} O-O {[%emt 0:08:47]} 14. Bf3 {[%emt 0:20:07]} Bf6 {[%emt 0:06:12]} 15. b5 {[%emt 0:01:37]} Nce7 {[%emt 0:06:51]} 16. g3 {[%emt 0:04:17]} Qa5 {[%emt 0:11:12]} 17. Qb3 {[%emt 0:02:30]} a6 {[%emt 0:03:54]} 18. b6 {[%emt 0:03:39]} Rac8 {[%emt 0:01:12]} 19. Rd1 {[%emt 0:03:59]} Rxc5 {[%emt 0:02:11]} 20. Bxc5 {[%emt 0:00:54]} Qxc5+ {[%emt 0:00:06]} 21. Kg2 {[%emt 0:02:43]} Rd8 {[%emt 0:03:07]} 22. a4 {[%emt 0:03:24]} Nf8 {[%emt 0:05:34]} 23. Ra2 {[%emt 0:02:03]} Ne6 {[%emt 0:00:43]} 24. Qb4 {[%emt 0:01:05]} Qxb4 {[%emt 0:01:16]} 25. cxb4 {[%emt 0:00:05]} Nd4 {[%emt 0:03:38]} 26. Rad2 {[%emt 0:01:51]} Nxf3 {[%emt 0:00:22]} 27. Kxf3 {[%emt 0:00:06]} Rc8 {[%emt 0:00:11]} 28. Na3 {[%emt 0:02:31]} Rc3+ {[%emt 0:02:33]} 29. Rd3 {[%emt 0:00:07]} Rc6 {[%emt 0:00:06]} 30. a5 {[%emt 0:01:17]} Bc3 {[%emt 0:06:29]} 31. b5 {[%emt 0:04:38]} axb5 {[%emt 0:04:48]} 32. a6 {[%emt 0:00:29]} b4 {[%emt 0:01:38]} 33. a7 {[%emt 0:00:07]} Rc8 {[%emt 0:00:05]} 34. Nb5 {[%emt 0:00:14]} 1-0

[Event "WJCC U20 Girls 2019"]
[Site "New Delhi"]
[Date "2019.10.19"]
[Round "6.15"]
[White "Obregon Garcia, Roxangel"]
[Black "Pandey Srishti"]
[Result "0-1"]
[WhiteElo "2267"]
[BlackElo "1963"]
[Annotator "NA"]
[PlyCount "62"]
[EventDate "2019.10.15"]
[EventType "swiss"]
[EventCountry "IND"]
[SourceTitle "playchess.com"]
[Source "ChessBase"]
[SourceQuality "1"]
[TimeControl "40/5400+30:1800+30"]

1. e4 {[%emt 0:00:00]} g6 {[%emt 0:00:00]} 2. d4 {[%emt 0:00:00]} Bg7 {[%emt 0:00:00]} 3. Nc3 {[%emt 0:00:00]} d6 {[%emt 0:00:00]} 4. Be3 {[%emt 0:00:00]} Nd7 {[%emt 0:00:07]} 5. Qd2 {[%emt 0:00:22]} a6 {[%emt 0:00:12]} 6. h4 {[%emt 0:00:32]} b5 {[%emt 0:01:03]} 7. f4 {[%emt 0:04:20]} Ngf6 {[%emt 0:01:14]} 8. e5 {[%emt 0:05:07]} Ng4 {[%emt 0:00:45]} 9. Nf3 {[%emt 0:02:43]} Nb6 {[%emt 0:03:11]} 10. a3 $11 {[%emt 0:08:51]} Bf5 {[%emt 0:06:01]} 11. h5 {[%emt 0:13:08]} Nc4 {[%emt 0:13:01]} 12. Bxc4 {[%emt 0:00:14]} bxc4 {[%emt 0:00:03]} 13. Nh4 {[%emt 0:30:41]} Nxe3 {[%emt 0:05:40]} 14. Qxe3 {[%emt 0:00:04]} Bxc2 {[%emt 0:00:32]} 15. Rc1 {[%emt 0:02:02]} Bd3 {[%emt 0:01:18]} 16. f5 {[%emt 0:02:06]} dxe5 {[%emt 0:01:26]} 17. dxe5 {[%emt 0:00:08]} gxf5 {[%emt 0:02:44]} 18. h6 {[%emt 0:00:18]} Bf8 {[%emt 0:00:42]} 19. e6 {[%emt 0:03:37]} Qd6 {[%emt 0:02:48]} 20. exf7+ {[%emt 0:03:38]} Kxf7 {[%emt 0:14:16]} 21. Nf3 {[%emt 0:02:13]} f4 {[%emt 0:04:36]} 22. Ng5+ {[%emt 0:07:16]} Kg6 {[%emt 0:07:29]} 23. Qf3 {[%emt 0:00:17]} Kxg5 {[%emt 0:05:58]} 24. Qxa8 {[%emt 0:01:35]} Qe5+ {[%emt 0:05:25]} 25. Kd1 {[%emt 0:00:18]} Bxh6 {[%emt 0:00:36]} 26. Qf3 {[%emt 0:01:47]} Bg6 {[%emt 0:01:46]} 27. Qe2 {[%emt 0:01:51]} Bg7 {[%emt 0:03:12]} 28. Qd2 Rb8 {[%emt 0:05:10]} 29. g3 {[%emt 0:07:56]} Bh5+ {[%emt 0:01:01]} 30. Ne2 {[%emt 0:00:16]} Bxe2+ {[%emt 0:00:37]} 31. Qxe2 {[%emt 0:00:04]} Qd5+ {[%emt 0:00:24]} 0-1

[Event "WJCC U20 Girls 2019"]
[Site "New Delhi"]
[Date "2019.10.19"]
[Round "6.16"]
[White "Avetisyan, Mariam"]
[Black "Diakonova, Ekaterina"]
[Result "0-1"]
[WhiteElo "2110"]
[BlackElo "2231"]
[Annotator "NA"]
[PlyCount "80"]
[EventDate "2019.10.15"]
[EventType "swiss"]
[EventCountry "IND"]
[SourceTitle "playchess.com"]
[Source "ChessBase"]
[SourceQuality "1"]
[TimeControl "40/5400+30:1800+30"]

1. d4 d5 2. c4 e6 3. Nf3 c6 4. Qc2 Nf6 5. g3 Nbd7 6. Bg2 Bd6 7. O-O O-O 8. Rd1 Ne4 9. Nc3 f5 10. Rb1 Qe7 11. a3 Ndf6 12. h3 Nxc3 13. bxc3 Bxa3 14. Bxa3 Qxa3 15. c5 Qa5 16. Ne5 Qc7 17. Qb3 Qe7 18. Kh2 Ne8 19. e3 Nc7 20. Bf1 a6 21. Qa2 Qe8 22. f4 Nb5 23. Bxb5 cxb5 24. Rg1 Bd7 25. g4 Bc6 26. Rg3 Rf6 27. Rbg1 g6 28. gxf5 exf5 29. Rg5 a5 30. Qf2 Qe6 31. Qh4 Rc8 32. Qh6 Be8 33. h4 Rc7 34. h5 Rg7 35. R5g3 g5 36. fxg5 Rxh6 37. gxh6 Rxg3 38. Rxg3+ Kh8 39. Rg7 Qa6 40. Rc7 Qa8 0-1

[Event "WJCC U20 Girls 2019"]
[Site "New Delhi"]
[Date "2019.10.19"]
[Round "6.17"]
[White "Mrudul Dehankar"]
[Black "Onur, Cigdem"]
[Result "1-0"]
[WhiteElo "2227"]
[BlackElo "1913"]
[Annotator "NA"]
[PlyCount "63"]
[EventDate "2019.10.15"]
[EventType "swiss"]
[EventCountry "IND"]
[SourceTitle "playchess.com"]
[Source "ChessBase"]
[SourceQuality "1"]
[TimeControl "40/5400+30:1800+30"]

1. e4 c5 2. Nf3 e6 3. d4 cxd4 4. Nxd4 a6 5. Bd3 Bc5 6. Nb3 Be7 7. Qg4 g6 8. Nc3 d6 9. Be3 Nf6 10. Qe2 Nbd7 11. f4 $11 b5 12. a3 Bb7 13. O-O Qc7 14. Rad1 O-O 15. Kh1 Rfe8 16. Qe1 Nc5 17. Bd4 Nxb3 18. cxb3 e5 19. Be3 exf4 20. Rxf4 Nh5 21. Rf3 Rad8 22. Qf2 Qd7 23. Rxf7 Qe6 24. Rf3 Qxb3 25. Bb1 Qe6 26. Ba2 d5 27. exd5 Qd6 28. Ne4 Qb8 29. d6+ Kh8 30. Bd4+ Ng7 31. Bxg7+ Kxg7 32. Qd4+ 1-0

[Event "WJCC U20 Girls 2019"]
[Site "New Delhi"]
[Date "2019.10.19"]
[Round "6.18"]
[White "Kiolbasa, Oliwia"]
[Black "Lakshmi C"]
[Result "1/2-1/2"]
[WhiteElo "2223"]
[BlackElo "1859"]
[Annotator "NA"]
[PlyCount "67"]
[EventDate "2019.10.15"]
[EventType "swiss"]
[EventCountry "IND"]
[SourceTitle "playchess.com"]
[Source "ChessBase"]
[SourceQuality "1"]
[TimeControl "40/5400+30:1800+30"]

1. d4 {[%emt 0:00:00]} Nf6 {[%emt 0:00:02]} 2. c4 {[%emt 0:00:00]} g6 {[%emt 0:00:05]} 3. Nf3 {[%emt 0:00:00]} Bg7 {[%emt 0:00:08]} 4. g3 {[%emt 0:00:19]} O-O {[%emt 0:00:22]} 5. Bg2 {[%emt 0:00:26]} d6 {[%emt 0:00:23]} 6. O-O {[%emt 0:10:25]} Nbd7 {[%emt 0:01:03]} 7. Nc3 {[%emt 0:00:51]} e5 {[%emt 0:00:15]} 8. dxe5 {[%emt 0:02:16]} dxe5 {[%emt 0:05:11]} 9. e4 {[%emt 0:00:44]} Re8 {[%emt 0:00:41]} 10. Qc2 {[%emt 0:00:53]} c6 {[%emt 0:01:06]} 11. b3 $11 {[%emt 0:03:41]} Bf8 {[%emt 0:09:21]} 12. Bb2 {[%emt 0:00:29]} Nc5 {[%emt 0:01:31]} 13. Rad1 {[%emt 0:00:38]} Qc7 {[%emt 0:00:35]} 14. h3 {[%emt 0:02:55]} Ncd7 {[%emt 0:11:10]} 15. Rfe1 {[%emt 0:03:39]} b6 {[%emt 0:07:06]} 16. Ne2 {[%emt 0:11:15]} Bb7 {[%emt 0:04:38]} 17. g4 {[%emt 0:00:18]} h6 {[%emt 0:01:12]} 18. Ng3 {[%emt 0:00:14]} Rad8 {[%emt 0:00:30]} 19. Qc1 {[%emt 0:09:55]} Bg7 {[%emt 0:10:44]} 20. Qa1 {[%emt 0:03:28]} Nh7 {[%emt 0:02:37]} 21. Re2 {[%emt 0:00:44]} f6 {[%emt 0:01:35]} 22. Red2 {[%emt 0:04:54]} Nc5 {[%emt 0:02:00]} 23. Ba3 {[%emt 0:08:52]} Bf8 {[%emt 0:02:42]} 24. Qc1 {[%emt 0:04:45]} Ng5 {[%emt 0:09:10]} 25. Nxg5 {[%emt 0:03:37]} hxg5 {[%emt 0:02:38]} 26. Bb2 {[%emt 0:00:47]} Ne6 {[%emt 0:01:04]} 27. Ne2 {[%emt 0:00:27]} Bb4 {[%emt 0:01:35]} 28. Rxd8 {[%emt 0:04:34]} Rxd8 {[%emt 0:00:03]} 29. Qc2 {[%emt 0:00:15]} Rxd1+ {[%emt 0:05:43]} 30. Qxd1 {[%emt 0:00:01]} Qd6 {[%emt 0:00:12]} 31. Qxd6 {[%emt 0:00:45]} Bxd6 {[%emt 0:00:02]} 32. Kh2 {[%emt 0:02:16]} Nc5 {[%emt 0:00:48]} 33. Nc1 {[%emt 0:00:42]} Kf7 {[%emt 0:03:19]} 34. Kg3 {[%emt 0:01:05]} 1/2-1/2

[Event "WJCC U20 Girls 2019"]
[Site "New Delhi"]
[Date "2019.10.19"]
[Round "6.19"]
[White "Ghosh Samriddhaa"]
[Black "Aakanksha Hagawane"]
[Result "1/2-1/2"]
[WhiteElo "1867"]
[BlackElo "2181"]
[Annotator "NA"]
[PlyCount "67"]
[EventDate "2019.10.15"]
[EventType "swiss"]
[EventCountry "IND"]
[SourceTitle "playchess.com"]
[Source "ChessBase"]
[SourceQuality "1"]
[TimeControl "40/5400+30:1800+30"]

1. c4 {[%emt 0:00:00]} Nf6 {[%emt 0:00:00]} 2. Nc3 {[%emt 0:00:00]} c5 {[%emt 0:04:15]} 3. Nf3 {[%emt 0:02:42]} Nc6 {[%emt 0:01:03]} 4. d4 {[%emt 0:02:51]} cxd4 {[%emt 0:06:52]} 5. Nxd4 {[%emt 0:00:53]} Nxd4 {[%emt 0:10:10]} 6. Qxd4 {[%emt 0:00:12]} d6 {[%emt 0:00:37]} 7. e4 {[%emt 0:02:24]} e5 {[%emt 0:04:44]} 8. Qd3 {[%emt 0:02:55]} h6 {[%emt 0:00:59]} 9. Be2 {[%emt 0:01:26]} Be7 {[%emt 0:00:53]} 10. O-O {[%emt 0:04:43]} O-O {[%emt 0:01:13]} 11. f4 {[%emt 0:11:13]} Qc7 {[%emt 0:05:43]} 12. Kh1 {[%emt 0:06:14]} b6 {[%emt 0:07:48]} 13. Qg3 {[%emt 0:20:27]} Kh7 {[%emt 0:02:26]} 14. f5 {[%emt 0:06:15]} Bb7 {[%emt 0:05:22]} 15. Bd3 {[%emt 0:02:20]} Rac8 {[%emt 0:05:38]} 16. Bd2 {[%emt 0:03:37]} a6 {[%emt 0:03:41]} 17. Rae1 {[%emt 0:02:43]} Bc6 {[%emt 0:03:18]} 18. Qh3 {[%emt 0:05:42]} Qd8 {[%emt 0:05:14]} 19. Re3 {[%emt 0:05:35]} b5 {[%emt 0:08:48]} 20. cxb5 {[%emt 0:04:32]} axb5 {[%emt 0:00:01]} 21. Nxb5 {[%emt 0:00:33]} Bxb5 {[%emt 0:01:19]} 22. Bxb5 {[%emt 0:00:02]} d5 {[%emt 0:00:12]} 23. Bd3 {[%emt 0:12:33]} dxe4 {[%emt 0:09:38]} 24. Rxe4 {[%emt 0:00:50]} Nxe4 {[%emt 0:04:29]} 25. f6 {[%emt 0:00:06]} Bxf6 {[%emt 0:00:08]} 26. Bxe4+ {[%emt 0:00:04]} g6 {[%emt 0:00:32]} 27. Qxh6+ {[%emt 0:01:23]} Kg8 {[%emt 0:00:13]} 28. Bxg6 {[%emt 0:01:02]} fxg6 {[%emt 0:00:03]} 29. Qxg6+ {[%emt 0:00:01]} Bg7 {[%emt 0:00:09]} 30. Qe6+ {[%emt 0:00:05]} Kh7 {[%emt 0:00:11]} 31. Qh3+ {[%emt 0:00:06]} Kg8 {[%emt 0:00:21]} 32. Qe6+ {[%emt 0:00:24]} Kh7 {[%emt 0:00:07]} 33. Qh3+ {[%emt 0:00:06]} Kg8 {[%emt 0:00:04]} 34. Qe6+ {[%emt 0:00:05]} 1/2-1/2

[Event "WJCC U20 Girls 2019"]
[Site "New Delhi"]
[Date "2019.10.19"]
[Round "6.20"]
[White "Salimova, Nurgyul"]
[Black "Potluri Supreetha"]
[Result "0-1"]
[WhiteElo "2415"]
[BlackElo "1767"]
[Annotator "NA"]
[PlyCount "78"]
[EventDate "2019.10.15"]
[EventType "swiss"]
[EventCountry "IND"]
[SourceTitle "playchess.com"]
[Source "ChessBase"]
[SourceQuality "1"]
[TimeControl "40/5400+30:1800+30"]

1. d4 {[%emt 0:00:00]} Nf6 {[%emt 0:00:00]} 2. Nf3 {[%emt 0:00:00]} g6 {[%emt 0:00:00]} 3. g3 {[%emt 0:00:00]} Bg7 {[%emt 0:00:00]} 4. Bg2 {[%emt 0:00:00]} O-O {[%emt 0:00:10]} 5. O-O {[%emt 0:00:03]} d6 {[%emt 0:01:47]} 6. Re1 {[%emt 0:00:11]} Nbd7 {[%emt 0:13:19]} 7. e4 {[%emt 0:01:57]} e5 {[%emt 0:00:08]} 8. c3 {[%emt 0:03:42]} Qe7 {[%emt 0:06:13]} 9. Nbd2 {[%emt 0:01:22]} h6 $14 {[%emt 0:13:06]} 10. b3 {[%emt 0:03:08]} Ne8 {[%emt 0:10:55]} 11. Bb2 {[%emt 0:01:44]} Kh7 {[%emt 0:02:32]} 12. a4 {[%emt 0:02:19]} f5 {[%emt 0:09:44]} 13. exf5 {[%emt 0:03:02]} gxf5 {[%emt 0:00:17]} 14. dxe5 {[%emt 0:00:36]} dxe5 {[%emt 0:00:35]} 15. Nc4 {[%emt 0:00:48]} e4 {[%emt 0:06:43]} 16. Nd4 {[%emt 0:06:51]} Ne5 {[%emt 0:10:27]} 17. Nxe5 {[%emt 0:04:39]} Qxe5 {[%emt 0:03:39]} 18. f3 {[%emt 0:13:57]} c5 {[%emt 0:04:21]} 19. Ne2 {[%emt 0:08:28]} Nf6 {[%emt 0:06:05]} 20. Nf4 {[%emt 0:02:00]} c4 {[%emt 0:08:55]} 21. bxc4 {[%emt 0:02:36]} Be6 {[%emt 0:00:42]} 22. Qc2 {[%emt 0:14:41]} Bxc4 {[%emt 0:00:38]} 23. fxe4 {[%emt 0:00:45]} Rfe8 {[%emt 0:00:31]} 24. h3 {[%emt 0:06:07]} fxe4 {[%emt 0:00:34]} 25. Kh2 {[%emt 0:01:25]} Rad8 {[%emt 0:00:31]} 26. Rad1 {[%emt 0:00:55]} Rxd1 {[%emt 0:00:24]} 27. Rxd1 {[%emt 0:02:12]} h5 {[%emt 0:00:11]} 28. Rd4 {[%emt 0:01:08]} h4 {[%emt 0:00:57]} 29. Qf2 {[%emt 0:00:47]} Bh6 {[%emt 0:00:31]} 30. Bc1 {[%emt 0:02:16]} hxg3+ {[%emt 0:00:09]} 31. Qxg3 {[%emt 0:00:14]} Rg8 {[%emt 0:00:14]} 32. Qh4 {[%emt 0:04:02]} Be2 {[%emt 0:01:08]} 33. Kh1 {[%emt 0:02:30]} Bf3 {[%emt 0:00:29]} 34. Bxf3 {[%emt 0:01:49]} exf3 {[%emt 0:00:01]} 35. Nd3 {[%emt 0:07:08]} Qh5 {[%emt 0:00:10]} 36. Bxh6 {[%emt 0:01:52]} f2 {[%emt 0:01:08]} 37. Rd7+ {[%emt 0:02:25]} Nxd7 {[%emt 0:00:32]} 38. Qe7+ {[%emt 0:00:18]} Kh8 {[%emt 0:00:38]} 39. Bg7+ {[%emt 0:00:37]} Rxg7 {[%emt 0:00:07]} 0-1

[Event "WJCC U20 Girls 2019"]
[Site "New Delhi"]
[Date "2019.10.19"]
[Round "6.21"]
[White "Ortiz Verdezoto, Anahi"]
[Black "Zhu, Jiner"]
[Result "0-1"]
[WhiteElo "2055"]
[BlackElo "2507"]
[Annotator "ChessBase"]
[PlyCount "162"]
[EventDate "2019.10.15"]
[EventType "swiss"]
[EventCountry "IND"]
[SourceTitle "playchess.com"]
[Source "ChessBase"]
[SourceQuality "1"]
[TimeControl "40/5400+30:1800+30"]

1. d4 {[%emt 0:00:00]} Nf6 {[%emt 0:00:00]} 2. c4 {[%emt 0:00:00]} e6 {[%emt 0:00:00]} 3. Nc3 {[%emt 0:00:00]} Bb4 {[%emt 0:00:00]} 4. e3 {[%emt 0:00:00]} d5 {[%emt 0:00:04]} 5. a3 {[%emt 0:00:29]} Bxc3+ {[%emt 0:00:13]} 6. bxc3 {[%emt 0:00:06]} O-O {[%emt 0:00:09]} 7. Nf3 {[%emt 0:02:47]} b6 {[%emt 0:00:25]} 8. Bd3 {[%emt 0:06:54]} Ba6 {[%emt 0:00:15]} 9. cxd5 {[%emt 0:07:01]} exd5 {[%emt 0:00:20]} 10. Bxa6 {[%emt 0:00:54]} Nxa6 {[%emt 0:00:06]} 11. Qd3 {[%emt 0:00:23]} Nb8 {[%emt 0:00:15]} 12. c4 {[%emt 0:00:15]} Nc6 {[%emt 0:01:47]} 13. O-O {[%emt 0:02:09]} Na5 {[%emt 0:01:58]} 14. cxd5 {[%emt 0:04:11]} Qxd5 {[%emt 0:00:05]} 15. Bd2 {[%emt 0:03:26]} Nb3 {[%emt 0:00:49]} 16. Rab1 {[%emt 0:01:10]} Nxd2 {[%emt 0:00:25]} 17. Qxd2 {[%emt 0:01:22]} Rac8 {[%emt 0:03:41]} 18. Rfc1 {[%emt 0:04:54]} Ne4 {[%emt 0:00:09]} 19. Qb2 {[%emt 0:01:25]} c5 {[%emt 0:00:42]} 20. dxc5 {[%emt 0:00:08]} Nxc5 {[%emt 0:00:06]} 21. Rd1 {[%emt 0:03:52]} Qf5 {[%emt 0:03:27]} 22. Nd4 {[%emt 0:02:28]} Qg6 {[%emt 0:00:07]} 23. Ne2 {[%emt 0:06:06]} h6 {[%emt 0:07:26]} 24. Nf4 {[%emt 0:02:20]} Qc6 {[%emt 0:00:15]} 25. Nh5 {[%emt 0:04:13]} Ne6 {[%emt 0:02:18]} 26. h3 {[%emt 0:03:45]} Rfd8 {[%emt 0:07:32]} 27. Rxd8+ {[%emt 0:05:03]} Rxd8 {[%emt 0:00:05]} 28. Ng3 {[%emt 0:00:55]} Rd3 {[%emt 0:00:22]} 29. Rc1 {[%emt 0:05:04]} Qd6 {[%emt 0:01:54]} 30. Ra1 {[%emt 0:05:57]} Qd5 {[%emt 0:01:26]} 31. e4 {[%emt 0:02:59]} Qc5 {[%emt 0:01:39]} 32. Nf5 {[%emt 0:01:13]} Rc3 {[%emt 0:00:38]} 33. Qb4 {[%emt 0:04:15]} a5 {[%emt 0:03:23]} 34. Qa4 {[%emt 0:01:20]} Kf8 {[%emt 0:08:51]} 35. Qd7 {[%emt 0:05:44]} Rc1+ {[%emt 0:00:42]} 36. Rxc1 {[%emt 0:00:11]} Qxc1+ {[%emt 0:00:04]} 37. Kh2 {[%emt 0:00:20]} Qc7+ {[%emt 0:00:08]} 38. Qd6+ {[%emt 0:01:44]} Qxd6+ {[%emt 0:01:24]} 39. Nxd6 {[%emt 0:00:02]} a4 {[%emt 0:00:15]} 40. Nb5 {[%emt 0:01:45]} Ke7 {[%emt 0:04:09]} 41. Kg3 {[%emt 0:30:29]} Nc5 {[%emt 0:30:26]} 42. Kf3 {[%emt 0:04:06]} Ne6 {[%emt 0:05:30]} 43. Ke3 {[%emt 0:02:54]} Kd7 {[%emt 0:00:19]} 44. Nc3 {[%emt 0:03:00]} Nc5 {[%emt 0:00:06]} 45. Kd4 {[%emt 0:03:13]} Kc6 {[%emt 0:00:20]} 46. Kc4 {[%emt 0:00:42]} Ne6 {[%emt 0:01:16]} 47. h4 {[%emt 0:00:00]} Nc7 {[%emt 0:00:00]} 48. Kb4 {[%emt 0:00:00]} b5 {[%emt 0:00:00]} 49. f3 {[%emt 0:00:00]} Na6+ {[%emt 0:00:00]} 50. Ka5 {[%emt 0:00:00]} Nc7 {[%emt 0:00:00]} 51. Kb4 {[%emt 0:00:00]} f5 {[%emt 0:00:00]} 52. g4 {[%emt 0:00:00]} fxg4 {[%emt 0:00:00]} 53. fxg4 {[%emt 0:00:00]} Na6+ {[%emt 0:00:00]} 54. Ka5 {[%emt 0:00:00]} Nc7 {[%emt 0:00:00]} 55. Kb4 {[%emt 0:00:00]} g6 {[%emt 0:00:00]} 56. Ne2 {[%emt 0:00:00]} Ne6 {[%emt 0:00:00]} 57. Nc3 {[%emt 0:03:20]} Nd4 {[%emt 0:00:00]} 58. Ka5 {[%emt 0:00:11]} Kc5 {[%emt 0:00:00]} 59. g5 {[%emt 0:01:28]} hxg5 {[%emt 0:00:00]} 60. hxg5 {[%emt 0:00:33]} Kc4 {[%emt 0:00:00]} 61. Nb1 {[%emt 0:01:14]} Kb3 {[%emt 0:01:12]} 62. e5 {[%emt 0:00:01]} Kb2 {[%emt 0:00:18]} 63. Nd2 {[%emt 0:00:22]} Kxa3 {[%emt 0:00:17]} 64. e6 {[%emt 0:00:27]} Nxe6 {[%emt 0:01:43]} 65. Kxb5 {[%emt 0:00:01]} Nd4+ {[%emt 0:00:06]} 66. Kc4 {[%emt 0:00:53]} Nb3 {[%emt 0:00:06]} 67. Nb1+ {[%emt 0:01:16]} Kb2 {[%emt 0:00:06]} 68. Nc3 {[%emt 0:00:22]} a3 {[%emt 0:00:52]} 69. Nd1+ {[%emt 0:00:23]} Kc2 {[%emt 0:00:06]} 70. Ne3+ {[%emt 0:00:03]} Kd2 {[%emt 0:00:21]} 71. Nf1+ {[%emt 0:00:03]} Ke2 {[%emt 0:00:25]} 72. Kxb3 {[%emt 0:00:12]} Kxf1 {[%emt 0:00:06]} 73. Kxa3 {[%emt 0:00:00]} Kf2 {[%emt 0:00:08]} 74. Kb3 {[%emt 0:00:01]} Kf3 {[%emt 0:00:10]} 75. Kc3 {[%emt 0:00:03]} Kf4 {[%emt 0:00:05]} 76. Kd3 {[%emt 0:00:46]} Kxg5 {[%emt 0:00:05]} 77. Ke2 {[%emt 0:01:13]} Kg4 {[%emt 0:00:05]} 78. Kf2 {[%emt 0:00:05]} Kh3 {[%emt 0:00:04]} 79. Kg1 {[%emt 0:00:05]} g5 {[%emt 0:00:05]} 80. Kh1 {[%emt 0:01:06]} g4 {[%emt 0:00:05]} 81. Kg1 {[%emt 0:00:05]} Kg3 {[%emt 0:00:08]} 0-1